| 000 | 00456nmm a2200169Ia 4500 | ||
|---|---|---|---|
| 008 | 251105s9999||||xx |||||||||||||||||und|| | ||
| 020 | _a9788482889276 | ||
| 041 | _aglg | ||
| 100 | _aVillar, Domingo | ||
| 245 | 0 | _aOllos de auga | |
| 264 |
_a[Madrid, España] : _bEditorial Galaxia, _c2011 |
||
| 300 | _a240 páginas | ||
| 490 | _aLiteraria | ||
| 650 | _aThriller & Suspense | ||
| 856 | _uhttps://public.digitaliapublishing.com/a/84988 | ||
| 942 | _cCF | ||
| 999 |
_c86087 _d86087 |
||